000 00322nam a2200133Ia 4500
008 191201s2002 xx 000 0 und d
082 _a429
_bSCI
100 _aSCHMITT, Norbert
245 0 _aIntroduction to Applied Linguistics
260 _aN.Delhi
_bArnold
_c2002
300 _a344
650 _aApplied
942 _2ddc
_cBK
999 _c2455
_d2455